Akta cukai pendapatan 1967 (Akta 53) & kaedah-kaedah

Bibliographic Details
Main Author: Malaysia (Author)
Format: Book
Language:Malay
Published: Selangor : International law Book Services , c2010
Series:Undang-undang Malaysia
Subjects:

MARC

LEADER 00000cam a2200000 7i4500
001 0000066545
005 20110127093000.0
008 100713s2010 my may
020 |a 9789678920919 
050 0 0 |a KPG14.L3   |b C85 2010 
090 0 0 |a KPG14.L3   |b C85 2010 
100 1 |a Malaysia ,   |e author 
245 1 0 |a Akta cukai pendapatan 1967 (Akta 53) & kaedah-kaedah   |c disusun oleh Lembaga Penyelidikan Undang-undang 
246 3 0 |a Akta 53 
260 |a Selangor :   |b International law Book Services ,   |c c2010 
300 |a 632 p. :   |b ill. ;   |c 24 cm. 
440 0 |a Undang-undang Malaysia 
500 |a Hingga 10hb April 2010 
505 0 |a 1. Permulaan -- 2. Pengenaan dan ciri-ciri am cukai -- 3. Penentuan pendapatan tercukai -- 4. Orang-orang yang dikenakan -- 5. Penyata-penyata -- 6. Taksiran dan rayuan -- 7. Pungutan dan mendapat kembali cukai -- 8. Kesalahan-kesalahan dan penalti-penalti -- 9. Pengecualian, peremitan dan relif lain -- 10. Tambahan 
650 0 |a Income tax   |x Law and legislation   |z Malaysia 
650 0 |a Taxation   |z Malaysia 
999 |a 1000133872   |b Book   |c Reference   |e Gong Badak Campus